Top 20 Most Populous Provinces in the Philippines - Statistics

General Stats
  • This quiz has been taken 137 times
  • The average score is 11 of 20
Answer Stats
Ranking Province % Correct
6 Cebu
93%
13 Quezon Province
77%
1 Cavite
71%
9 Pampanga
69%
2 Bulacan
68%
8 Batangas
67%
4 Laguna
67%
7 Rizal
64%
14 Leyte
60%
10 Ilo-ilo
59%
5 Pangasinan
57%
11 Davao del sur
51%
12 Nueva Ecija
49%
3 Negros Occidental
47%
16 Zamboanga del Sur
40%
17 Isabela
39%
15 Camarines Sur
38%
18 Misamis Oriental
36%
19 South Cotabato
26%
20 Maguindanao
24%
No matching quizzes found
Score Distribution
Percent of People with Each Score
Percentile by Number Answered
Your Score History
You have not taken this quiz